Fr. Conceicao Rodrigues College of Engineering

Managememt of technology (Record no. 25154)

MARC details
000 -LEADER
fixed length control field 00371nam a2200169Ia 4500
082 ## - DEWEY DECIMAL CLASSIFICATION NUMBER
Classification number 658.4012
Item number KHA
100 ## - MAIN ENTRY--PERSONAL NAME
Personal name Khalil/Tarek/ Shankar/Ravi
250 ## - EDITION STATEMENT
Edition statement 2
245 ## - TITLE STATEMENT
Title Managememt of technology
260 ## - PUBLICATION, DISTRIBUTION, ETC.
Name of publisher, distributor, etc. Tata Mc Graw hill Ltd.
Date of publication, distribution, etc. 2013
366 ## - TRADE AVAILABILITY INFORMATION
Publishers's discount category 23
300 ## - PHYSICAL DESCRIPTION
Extent 536
546 ## - LANGUAGE NOTE
Language note ENGLISH
-- Info.Tech
654 ## - SUBJECT ADDED ENTRY--FACETED TOPICAL TERMS
Focus term management
942 ## - ADDED ENTRY ELEMENTS (KOHA)
Koha item type BOOK
Holdings
Withdrawn status Lost status Damaged status Not for loan Collection Home library Current library Date acquired Source of acquisition Cost, normal purchase price Inventory number Total Checkouts Full call number Barcode Date last seen Cost, replacement price Price effective from Koha item type Total Renewals Date last checked out
        CRC Fr. Agnel's C.Rodrigues College of Engineering AGNEL TECHNICAL COLLEGE LIBRARY 17/03/2023 Book Base 461.23 12289 dt 28/05/2013 1 658.4012 KHA 22712 30/07/2025 599.00   BOOK 1 18/07/2025
        CRC Fr. Agnel's C.Rodrigues College of Engineering Fr. Agnel's C.Rodrigues College of Engineering 17/03/2023 Book Base 461.23 12289 dt 28/05/2013   658.4012 KHA 22709 17/03/2023 599.00   BOOK    
        CRC Fr. Agnel's C.Rodrigues College of Engineering Fr. Agnel's C.Rodrigues College of Engineering 17/03/2023 Book Base 461.23 12289 dt 28/05/2013   658.4012 KHA 22710 17/03/2023 599.00   BOOK    
        CRC Fr. Agnel's C.Rodrigues College of Engineering Fr. Agnel's C.Rodrigues College of Engineering 17/03/2023 Book Base 461.23 12289 dt 28/05/2013   658.4012 KHA 22711 17/03/2023 599.00   BOOK    
        CRC Fr. Agnel's C.Rodrigues College of Engineering Fr. Agnel's C.Rodrigues College of Engineering 17/03/2023 Book Base 461.23 12289 dt 28/05/2013   658.4012 KHA 22713 17/03/2023 599.00   BOOK